Cuộc chiến mới chỉ bắt đầu

Enregistré dans:
Détails bibliographiques
Auteur principal: Bauer, Alain
Format: Livre
Langue:Undetermined
Publié: Hà Nội Thông tấn 2002
Sujets:
Tags: Ajouter un tag
Pas de tags, Soyez le premier à ajouter un tag!
Thư viện lưu trữ: Trung tâm Học liệu Trường Đại học Cần Thơ
LEADER 00504nam a2200193Ia 4500
001 CTU_93873
008 210402s9999 xx 000 0 und d
020 |c 30000 
082 |a 973 
082 |b B344 
100 |a Bauer, Alain 
245 0 |a Cuộc chiến mới chỉ bắt đầu 
245 0 |c Alain Bauer 
260 |a Hà Nội 
260 |b Thông tấn 
260 |c 2002 
650 |a Terrorism 
904 |i Tuyến 
980 |a Trung tâm Học liệu Trường Đại học Cần Thơ